La guerra y los servicios públicos de caracter industrial / (Record no. 27713)

MARC details
000 -LEADER
campo de control de longitud fija 00841nam a2200205 i 4500
001 - NÚMERO DE CONTROL
campo de control 27713
003 - IDENTIFICADOR DE NÚMERO DE CONTROL
campo de control ES-MaACL
005 - FECHA Y HORA DE LA ÚLTIMA TRANSACCIÓN
campo de control 20251014063058.0
007 - CAMPO FIJO DE DESCRIPCIÓN FÍSICA--INFORMACIÓN GENERAL
campo de control de longitud fija t|
008 - DATOS DE LONGITUD FIJA--INFORMACIÓN GENERAL
campo de control de longitud fija 030115s1921 sp ||||1| spa d
100 1# - ENTRADA PRINCIPAL--NOMBRE DE PERSONA
Nombre de persona Azcárate, Pablo de,
Fechas asociadas al nombre 1890-1971
9 (RLIN) 24248
245 13 - MENCIÓN DEL TÍTULO
Título La guerra y los servicios públicos de caracter industrial /
Mención de responsabilidad, etc. por Pablo de Azcárate y Florez.
260 ## - PUBLICACIÓN, DISTRIBUCIÓN, ETC.
Lugar de publicación, distribución, etc. Madrid :
Nombre del editor, distribuidor, etc. Junta para Ampliación de Estudios e Investigaciones Científicas,
Fecha de publicación, distribución, etc. 1921 (
Fabricante Tip. Rev. Archivos y Bibliotecas y Museos)
300 ## - DESCRIPCIÓN FÍSICA
Extensión 102 p. ;
Dimensiones 24 cm.
505 8# - NOTA DE CONTENIDO CON FORMATO
Nota de contenido con formato Contiene: V. I: El régimen ferroviario inglés y la guerra
710 2# - ENTRADA AGREGADA--NOMBRE DE ENTIDAD CORPORATIVA
Nombre de entidad corporativa o nombre de jurisdicción como elemento de entrada Junta para la Ampliación de Estudios e Investigaciones Científicas.
9 (RLIN) 5413
740 3# - ENTRADA AGREGADA--TÍTULO RELACIONADO/ANALÍTICO NO CONTROLADO
Título relacionado o analítico no controlado El régimen ferroviario inglés y la guerra.
852 ## - LOCALIZACIÓN
Ubicación ES-MaACL
Número de control de estantería B-13360
Holdings
Estatus retirado Estado de pérdida Estado de daño No para préstamo Biblioteca de origen Biblioteca actual Ubicación en estantería Fecha de adquisición Fuente de adquisición Total de préstamos Signatura topográfica completa Código de barras Visto por última vez Precio de reemplazo Tipo de ítem Koha
        Biblioteca del Ateneo de Madrid Biblioteca del Ateneo de Madrid Sala Pardo Bazán 17/01/2008     B-13360 1028619 23/02/2023 23/02/2023 Libro impreso